Modern-Day Countries of the Kazakh Khanate on a Map - Statistics

General Stats
  • This quiz has been taken 3,954 times
  • The average score is 7 of 7
Answers on the Map
Answers color-coded by a green-red scale on the quiz's map according to % correct below.
 
Answer Stats
Countries % Correct
Kazakhstan
100%
Russia
100%
China
99%
Uzbekistan
99%
Kyrgyzstan
98%
Turkmenistan
98%
Tajikistan
97%
No matching quizzes found
Score Distribution
Percent of People with Each Score
Percentile by Number Answered
Your Score History
You have not taken this quiz